000 00452nam a2200193Ia 4500
005 20240823024523.0
008 240823s9999||||xx |||||||||||||| ||und||
020 _a978-81-7319-936-3
041 _aENGLISH
082 _A620.5 P9
100 _aViswanathan B
245 0 _aNono Materilas
250 _a1st
260 _c2009
_b"Narosa ,Newdelhi,"
500 _aYES
650 _aNanotechnology
_bNano Technology
942 _cBK
999 _c184115
_d184115